| 000 | 01254nam a2200325Ia 4500 | ||
|---|---|---|---|
| 001 | ebr10622496 | ||
| 003 | CaPaEBR | ||
| 006 | m u | ||
| 007 | cr cn||||||||| | ||
| 008 | 121206s2012 sz sb 000 0 eng d | ||
| 020 | _z9789292510145 | ||
| 020 | _z9789292510138 | ||
| 040 |
_aCaPaEBR _cCaPaEBR |
||
| 035 | _a(OCoLC)818847026 | ||
| 050 | 1 | 4 |
_aHC256.5 _b.E384 2012eb |
| 245 | 0 | 0 |
_aEurozone job crisis _h[electronic resource] : _btrends and policy responses. |
| 260 |
_aGeneva : _bInternational Labour Office, _c2012. |
||
| 300 | _a57 p. | ||
| 440 | 0 | _aStudies in growth with equity | |
| 504 | _aIncludes bibliographical references. | ||
| 533 |
_aElectronic reproduction. _bPalo Alto, Calif. : _cebrary, _d2011. _nAvailable via World Wide Web. _nAccess may be limited to ebrary affiliated libraries. |
||
| 650 | 0 |
_aLabor market _zEurope. |
|
| 650 | 0 |
_aUnemployment _zEurope. |
|
| 651 | 0 |
_aEurope _xEconomic conditions. |
|
| 655 | 7 |
_aElectronic books. _2local |
|
| 710 | 2 | _aInternational Labour Organization. | |
| 710 | 2 | _aInternational Institute for Labour Studies. | |
| 710 | 2 | _aebrary, Inc. | |
| 856 | 4 | 0 |
_uhttp://site.ebrary.com/lib/rucke/Doc?id=10622496 _zAn electronic book accessible through the World Wide Web; click to view |
| 999 |
_c160138 _d160138 |
||